Освоение трудноизвлекаемых запасов нефтяных месторождений с применением энерго- и ресурсосберегающих технологий (Запись № 3464398)
[ простой вид ]
| 000 -МАРКЕР | |
|---|---|
| контрольное поле | 01637nam0a2200325 i 4500 |
| 001 - ИДЕНТИФИКАТОР ЗАПИСИ | |
| контрольное поле | RU\NLR\bibl\1943975 |
| 005 - ИДЕНТИФИКАТОР ВЕРСИИ | |
| контрольное поле | 20260406044430.0 |
| 010 ## - МЕЖДУНАРОДНЫЙ СТАНДАРТНЫЙ НОМЕР КНИГИ (ISBN) | |
| Номер (ISBN) | 9785750113170 |
| Тираж | 300 |
| 021 ## - НОМЕР ГОСУДАРСТВЕННОЙ РЕГИСТРАЦИИ | |
| Код страны | Российская Федерация |
| Номер | 2012-60445 |
| Номер Листа государственной регистраци | 4431 |
| 035 ## - ДРУГИЕ СИСТЕМНЫЕ НОМЕРА | |
| Идентификатор записи | (NLR Aleph) 001933220 |
| 100 ## - ДАННЫЕ ОБЩЕЙ ОБРАБОТКИ | |
| Данные общей обработки | 20120912d2011 k y0rusy50 ca |
| 101 0# - ЯЗЫК РЕСУРСА | |
| Язык текста, звукозаписи и т.д. | русский |
| 102 ## - СТРАНА ПУБЛИКАЦИИ ИЛИ ПРОИЗВОДСТВА | |
| Страна публикации | Российская Федерация |
| 105 ## - ПОЛЕ КОДИРОВАННЫХ ДАННЫХ: ТЕКСТОВЫЕ МАТЕРИАЛЫ, МОНОГРАФИЧЕСКИЕ | |
| Кодированные данные о монографическом текстовом документе | a ||||||||| |
| 200 1# - ЗАГЛАВИЕ И СВЕДЕНИЯ ОБ ОТВЕТСТВЕННОСТИ | |
| Основное заглавие | Освоение трудноизвлекаемых запасов нефтяных месторождений с применением энерго- и ресурсосберегающих технологий |
| Первые сведения об ответственности | В.Е. Андреев, Ю.А. Котенев, Р.Р. Хузин |
| Последующие сведения об ответственности | Акад. наук Респ. Башкортостан, Отд-ние наук о Земле и природ. ресурсов АН РБ |
| 210 ## - ПУБЛИКАЦИЯ, РАСПРОСТРАНЕНИЕ И ДР. | |
| Место издания, распространения и т.д. | Уфа |
| Имя издателя, распространителя и т. д. | Гилем |
| Дата издания, распространения и т.д. | 2011 |
| 215 ## - ФИЗИЧЕСКАЯ ХАРАКТЕРИСТИКА | |
| Специфическое обозначение материала и объем | 352 с. |
| Другие сведения о физической характеристике | ил., цв. ил. |
| Размеры | 20 |
| 606 1# - НАИМЕНОВАНИЕ ТЕМЫ КАК ПРЕДМЕТ | |
| Наименование темы | Нефть |
| Тематический подзаголовок | Добыча |
| -- | Энергосберегающие технологии |
| Системный номер авторитетной/нормативной записи | 2254079 |
| Идентификатор авторитетной/нормативной записи | RU\NLR\auth\661351887 |
| 686 ## - ИНДЕКСЫ ДРУГИХ КЛАССИФИКАЦИЙ | |
| Индекс | И361 |
| 700 #1 - ИМЯ ЛИЦА - ПЕРВИЧНАЯ ОТВЕТСТВЕННОСТЬ | |
| Код отношения | Автор |
| Материалы, к которым относится поле | rus |
| Графика поля | Кириллица |
| Начальный элемент ввода | Андреев |
| Часть имени, кроме начального элемента ввода | В. Е. |
| Дополнения к именам, кроме дат | д-р техн. наук, нефтяник |
| Даты | 1955- |
| Расширение инициалов личного имени | Вадим Евгеньевич |
| Идентификатор авторитетной/нормативной записи | RU\NLR\auth\774295 |
| Системный номер авторитетной/нормативной записи | 114277 |
| 701 #1 - ИМЯ ЛИЦА - АЛЬТЕРНАТИВНАЯ ОТВЕТСТВЕННОСТЬ | |
| Код отношения | Автор |
| Графика поля | Кириллица |
| Материалы, к которым относится поле | rus |
| Начальный элемент ввода | Котенев |
| Часть имени, кроме начального элемента ввода | Ю. А. |
| Дополнения к именам, кроме дат | д-р техн. наук, канд. геол.-минерал. наук |
| Даты | 1961- |
| Расширение инициалов личного имени | Юрий Алексеевич |
| Системный номер авторитетной/нормативной записи | 6914 |
| Идентификатор авторитетной/нормативной записи | RU\NLR\AUTH\7723861 |
| 701 #1 - ИМЯ ЛИЦА - АЛЬТЕРНАТИВНАЯ ОТВЕТСТВЕННОСТЬ | |
| Начальный элемент ввода | Хузин |
| Часть имени, кроме начального элемента ввода | Р. Р. |
| Расширение инициалов личного имени | Ринат Раисович |
| Код отношения | Автор |
| 801 #0 - ИСТОЧНИК ЗАПИСИ | |
| Страна | Российская Федерация |
| Организация | NLR |
| Дата составления | 20120912 |
| Правила каталогизации | RCR |
| 801 #1 - ИСТОЧНИК ЗАПИСИ | |
| Страна | Российская Федерация |
| Организация | NLR |
| Дата составления | 20120912 |
| 830 ## - ОБЩЕЕ ПРИМЕЧАНИЕ, СОСТАВЛЕННОЕ КАТАЛОГИЗАТОРОМ | |
| Текст примечания | по кн |
| 942 ## - ДОПОЛНИТЕЛЬНЫЕ ЭЛЕМЕНТЫ ЗАПИСИ (АБИС) | |
| Тип экземпляра АБИС | Книга |
| 980 ## - КОЛЛЕКЦИЯ | |
| Название коллекции | НБР |
Нет доступных экземпляров.